000 00330nam a2200133 a 4500
005 20140414093835.0
008 030610s19uu xx 00 eng d
050 _aCDR 909
_bCOL 1996 R-1
245 _aColumbus and the age discovery.
650 _aColumbus.
650 _aInteractive videos.
942 _cAVM
999 _c108963
_d108963